Taylor Swift - Devine les chansons par le refrain #5 - Statistiques

Statistiques générales
  • Ce quiz a été pris 260 fois
  • Le résultat moyen est 10 sur 15
Statistiques - réponses
Hint Réponse % Correct
You got that James Dean daydream look in your eyeAnd I got that red lip classic thing that you like And when we go crashing down, we come back every time 'Cause we never go out of ***, we never go out of *** You got that long hair, slicked back, white T-shirt And I got that good girl faith and a tight little skirt And when we go crashing down, we come back every time 'Cause we never go out of ***, we never go out of *** Style
97%
I don't start shit, but I can tell you how it endsDon't get sad, get even So on the weekends I don't dress for friends Lately, I've been dressin' for revenge Vigilante Shit
93%
The more that you say, the less I knowWherever you stray, I follow I'm begging for you to take my hand Wreck my plans, that's my man willow
86%
Say my name and everything just stopsI don’t want you like a best friend Only bought this *** so you could take it off Take it off, ha, ha, ha-ah Carve your name into my bedpost 'Cause I don't want you like a best friend Only bought this *** so you could take it off Take it off, ha, ha, ha-ah Dress
85%
So oh-oh, oh-oh, oh-oh, oh-oh, oh-oh***, you're being too loud And I'm just like oh-oh, oh-oh, oh-oh, oh-oh, oh-oh (Oh) You need to just stop, like can you just not step on my gown? *** You Need to Calm Down
84%
I didn't have it in myself to go with graceAnd you're the hero flying around, saving face And if I'm dead to you, why are you at the wake? Cursing my name, wishing I stayed Look at how *** my tears ricochet
82%
Someday, I'll be livin' in a big ole cityAnd all you're ever gonna be is *** Someday, I'll be big enough so you can't hit me And all you're ever gonna be is *** Why you gotta be so ***? Mean
80%
Thinkin', "How much sad did you think I hadDid you think I had in me?" Oh, the tragedy *** You'll find someone So Long, London
75%
I hate that stupid old pickup truck you never let me driveYou're a redneck heartbreak who's really bad at lyin' So watch me strike a match on all my wasted time As far as I'm concerned, you're just another *** Picture to Burn
66%
'Cause when you're *** and somebody tells you they love youYou're gonna believe them And when you're ***, feelin' like there's nothin' to figure out Well, count to ten, take it in This is life before you know who you're gonna be At *** Fifteen
65%
I just don't understandHow you don't miss me in *** When someone plays "The Starting Line" And you jump up, but she's too young to know this song That was intertwined in the magic fabric of our dreaming Old habits die screaming The Black Dog
60%
*** I've been loving you for quite some time, time, time You think that it's funny when I'm mad, mad, mad But I think that it's best if we both *** Stay Stay Stay
57%
'Cause all I know is we said, "Hello"And your eyes look like coming home All I know is a simple name And *** All I know is you held the door You'll be mine and I'll be yours All I know since yesterday Is *** Everything has Changed
48%
'Cause she's the kind of book that you can't put downLike if Cleopatra grew up in a small town And all the bad boys would be good boys If they only had a chance to love her And to tell you the truth, sometimes I wish I was her When Emma Falls In Love
45%
*** to everything I thought was on my side*** I want you bad, but it's come down to nothing And all I have is your sympathy 'Cause you took me home but you just couldn't keep me *** *** Bye Bye Baby
17%
Aucun quiz correspondant
Distribution des résultats
% des personnes avec chaque résultat
Percentile par nombre de réponses
Votre historique - résultats
Vous n’avez pas pris ce quiz